Powiaty Polski w 1946r. na mapie - Statystyki

Ogólne statystyki
  • Ten quiz został rozwiązany 45 razy
  • Średni wynik to 146 z 323
Odpowiedzi na mapie
Odpowiedzi zakodowano w zielono-czerwonej skali na mapie do tego quizu, zgodnie z poniższymi procentami.
 
Statystyki odpowiedzi
Powiat % Poprawnych
bielski
76%
Miasto {Warszawa}
76%
warszawski
76%
Miasto {Lublin}
72%
Miasto {Radom}
72%
brzeski
68%
częstochowski
68%
gdański
68%
krakowski
68%
Miasto {Częstochowa}
68%
Miasto {Gdańsk}
68%
Miasto {Gdynia}
68%
Miasto {Kraków}
68%
Miasto {Łódź}
68%
Miasto {Opole}
68%
Miasto {Słupsk}
68%
opolski
68%
radomski
68%
słupski
68%
białostocki
64%
bialski
64%
elbląski
64%
garwoliński
64%
kielecki
64%
kołobrzeski
64%
koszaliński
64%
łódzki
64%
Miasto {Elbląg}
64%
Miasto {Katowice}
64%
Miasto {Kołobrzeg}
64%
Miasto {Koszalin}
64%
Miasto {Płock}
64%
Miasto {Sosnowiec}
64%
Miasto {Szczecin}
64%
nowosądecki
64%
ostrołęcki
64%
płocki
64%
tarnowski
64%
chełmski
60%
cieszyński
60%
lęborski
60%
limanowski
60%
lubelski
60%
lubliniecki
60%
Miasto {Białystok}
60%
Miasto {Bielsko}
60%
Miasto {Gliwice}
60%
Miasto {Poznań}
60%
Miasto {Rzeszów}
60%
Miasto {Wrocław}
60%
mielecki
60%
nowotarski
60%
olkuski
60%
ostrowski
60%
poznański
60%
rzeszowski
60%
sandomierski
60%
tczewski
60%
wadowicki
60%
wrocławski
60%
augustowski
56%
bocheński
56%
bydgoski
56%
chojnicki
56%
chrzanowski
56%
dąbrowski
56%
gorzowski
56%
gostyniński
56%
gostyński
56%
grójecki
56%
hrubieszowski
56%
katowicki
56%
krośnieński
56%
kwidzyński
56%
Miasto {Brzeg}
56%
Miasto {Bydgoszcz}
56%
Miasto {Bytom}
56%
Miasto {Chorzów}
56%
Miasto {Nysa}
56%
Miasto {Olsztyn}
56%
Miasto {Piła}
56%
Miasto {Przemyśl}
56%
Miasto {Toruń}
56%
Miasto {Wałbrzych}
56%
Miasto {Zabrze}
56%
miechowski
56%
miński
56%
mławski
56%
myślenicki
56%
nyski
56%
olsztyński
56%
przemyski
56%
pszczyński
56%
sanocki
56%
siedlecki
56%
suwalski
56%
sztumski
56%
tarnogórski
56%
tomaszowski
56%
toruński
56%
wałbrzyski
56%
włodawski
56%
zamojski
56%
zawierciański
56%
żywiecki
56%
będziński
52%
bytomski
52%
ciechanowski
52%
gliwicki
52%
gorlicki
52%
inowrocławski
52%
jędrzejowski
52%
jeleniogórski
52%
kartuski
52%
koniński
52%
kozienicki
52%
kutnowski
52%
leski
52%
łubczycki
52%
Miasto {Inowrocław}
52%
Miasto {Jelenia Góra}
52%
Miasto {Żyrardów}
52%
piotrkowski
52%
płoński
52%
puławski
52%
pułtuski
52%
raciborski
52%
radomszczański
52%
rybnicki
52%
sieradzki
52%
skierniewicki
52%
sochaczewski
52%
sokołowski
52%
szczeciński
52%
tarnobrzeski
52%
wałecki
52%
węgrowski
52%
biłgorajski
48%
braniewski
48%
bytowski
48%
dębicki
48%
ełcki
48%
głogowski
48%
gnieźnieński
48%
grudziądzki
48%
jasielski
48%
kaliski
48%
kolski
48%
kościerski
48%
kraśnicki
48%
łaski
48%
łęczycki
48%
leszczyński
48%
łomżyński
48%
łowicki
48%
lubiński
48%
łukowski
48%
makowski
48%
malborski
48%
Miasto {Głogów}
48%
Miasto {Gniezno}
48%
Miasto {Grudziądz}
48%
Miasto {Racibórz}
48%
Miasto {Świdnica}
48%
międzyrzecki
48%
oławski
48%
opoczyński
48%
ostródzki
48%
prudnicki
48%
przasnyski
48%
rawski
48%
sławieński
48%
starogardzki
48%
świdnicki
48%
tucholski
48%
włocławski
48%
włoszczowski
48%
ząbkowicki
48%
zielonogórski
48%
drawski
44%
gołdapski
44%
gryficki
44%
jarosławski
44%
kamieński
44%
kluczborski
44%
konecki
44%
krasnostawski
44%
lubaczowski
44%
niżański
44%
opatowski
44%
pińczowski
44%
piski
44%
radzymiński
44%
radzyński
44%
sierpecki
44%
sokólski
44%
śremski
44%
strzelecki
44%
świecki
44%
szczecinecki
44%
wągrowiecki
44%
wieluński
44%
bolesławiecki
40%
brodnicki
40%
brzeziński
40%
brzozowski
40%
chełmiński
40%
czarnkowski
40%
działdowski
40%
gryfiński
40%
jarociński
40%
kamienogórski
40%
kępiński
40%
kolbuszowski
40%
krotoszyński
40%
łańcucki
40%
lubartowski
40%
lubawski
40%
lwówecki
40%
namysłowski
40%
nowotomyski
40%
obornicki
40%
oleski
40%
przeworski
40%
rawicki
40%
strzeliński
40%
szamotulski
40%
szczycieński
40%
trzebnicki
40%
turecki
40%
żniński
40%
bartoszycki
36%
chodzieski
36%
człuchowski
36%
górowski
36%
kozielski
36%
milicki
36%
myśliborski
36%
oleśnicki
36%
średzki
36%
świebodziński
36%
trzcianecki
36%
wąbrzeski
36%
wołowski
36%
wolsztyński
36%
wrzesiński
36%
złotoryjski
36%
błoński
32%
choszczeński
32%
grodzieński
32%
jaworski
32%
kościański
32%
lipnowski
32%
lubański
32%
międzychodzki
32%
morski
32%
olecki
32%
pyrzycki
32%
rypiński
32%
sulęciński
32%
suski
32%
wschowski
32%
wysokomazowiecki
32%
złotowski
32%
bystrzycki
28%
gubiński
28%
Miasto {Gubin}
28%
mogileński
28%
sępoleński
28%
stopnicki
28%
miastecki
24%
sokalski
24%
iłżecki
20%
Miasto {Gorzów nad Wartą}
20%
niemodliński
20%
pasłęcki
20%
szczuczyński
20%
rzepiński
16%
skwierzyński
16%
wołkowyski
16%
lignicki
12%
Miasto {Lignica}
12%
Miasto {Zgorzelice}
12%
morąski
12%
nieszawski
12%
nowogrodzki
12%
reszelski
12%
sycowski
12%
szprotawski
12%
szubiński
12%
wołyński
12%
wyrzyski
12%
zgorzelicki
12%
białogrodzki
8%
darkiejmski
8%
iławecki
8%
kładzki
8%
kożuchowski
8%
Miasto {Starogród}
8%
rastemborski
8%
rychbaski
8%
starogrodzki
8%
gierdawski
4%
grotkowski
4%
licbarski
4%
łuczański
4%
Miasto {Barść}
4%
niborski
4%
reskogrodzki
4%
świętomiejski
4%
węgoborski
4%
żądzborski
4%
żurawski
4%
Nie znaleziono quizów pasujących do podanych kryteriów
Rozkład punktacji
Procent ludzi z każdym wynikiem
Percentyl według liczby udzielonych odpowiedzi
Twoja historia wyników
Nie rozwiązałeś tego quizu